| 000 | 00537nam a2200181 i 4500 | ||
|---|---|---|---|
| 001 | 117148 | ||
| 003 | ES-MaACL | ||
| 005 | 20240605133451.0 | ||
| 007 | t| | ||
| 008 | 070301s1931 sp r ||||1| spa d | ||
| 100 | 1 |
_aPaz, Magdeleine. _989752 |
|
| 245 | 1 | 0 |
_aHermano negro / _cMagdeleine Paz (Magdeleine Marx, seud.) ; traducción del francés de Juan Rejano. |
| 260 |
_aMadrid : _bHoy, _c1931. |
||
| 300 |
_a211 p. ; _c19 cm. |
||
| 700 | 1 |
_aRejano, Juan, _d1903-1976 _996098 |
|
| 852 |
_aES-MaACL _jA-938 |
||
| 999 |
_c117148 _d117148 |
||